00589nam a22002057a 450000500170000001000130001702000210003003500130005103700160006404000120008008200110009224500970010324600060020026000430020627000420024930000250029165000270031665000210034370000190036420170124110252.0 aB-030296 c45.00a812372456 aB-030296 bCen Lib/Ret aDPLbEN aSbNOT aNot just milk and honey : cedited by Haya Hoffman ban anthrology of Hebrew short stories / b  aNew Delhi bNational Book Trust c2000 bNew Delhi aA-5, Green park e110016 axvi, 226p.c21cm(Hb) aLiterature -- Fiction  aEnglish stories  aHoffman, Haya